| Tag |
First Indicator |
Second Indicator |
Subfields |
| LEADER |
00000cam a2200000 i 4500 |
| 001 |
in00000008590 |
| 005 |
20151003070026.0 |
| 008 |
770908s1976 idu b s00010beng |
| 010 |
|
|
|a 76046147
|
| 020 |
|
|
|a 088430020X :
|c $1.50
|
| 035 |
|
|
|a (OCoLC)02981278
|
| 035 |
|
|
|9 AAA0987AM
|
| 040 |
|
|
|a DLC
|c DLC
|d m.c.
|d UtOrBLW
|
| 050 |
0 |
0 |
|a QH31.R53
|b A87
|
| 082 |
0 |
|
|a 574.92/6/0924
|a B
|
| 100 |
1 |
|
|a Astro, Richard.
|
| 245 |
1 |
0 |
|a Edward F. Ricketts /
|c by Richard Astro.
|
| 264 |
|
1 |
|a Boise, Idaho :
|b Boise State University,
|c [1976]
|
| 264 |
|
4 |
|c ©1976
|
| 300 |
|
|
|a 48 pages ;
|c 21 cm.
|
| 336 |
|
|
|a text
|b txt
|2 rdacontent
|
| 337 |
|
|
|a unmediated
|b n
|2 rdamedia
|
| 338 |
|
|
|a volume
|b nc
|2 rdacarrier
|
| 490 |
1 |
|
|a Boise State University Western writers series ;
|v no. 21
|
| 504 |
|
|
|a Bibliography: pages 45-47.
|
| 600 |
1 |
0 |
|a Ricketts, Edward Flanders,
|d 1897-1948.
|
| 600 |
1 |
0 |
|a Steinbeck, John,
|d 1902-1968.
|
| 650 |
|
0 |
|a Marine biologists
|z West (U.S.)
|x Biography.
|
| 830 |
|
0 |
|a Boise State University western writers series ;
|v no. 21.
|
| 999 |
|
|
|a MARS
|
| 999 |
f |
f |
|s 0afd76de-e56c-31f8-a075-41462e3d045b
|i bec436c7-527f-34ac-8210-cb680c233247
|t 0
|
| 952 |
f |
f |
|p ric
|a Texas A&M University
|b Rellis Campus
|c Joint Library Facility
|d Remote Storage
|t 0
|e QH31.R53 A87
|h Library of Congress classification
|i unmediated -- volume
|m A14812615973
|
| 998 |
f |
f |
|a QH31.R53 A87
|t 0
|l Remote Storage
|